Frontier Law in China

Detalles Bibliográficos
Formato: eBook
Lenguaje:inglés
Publicado: Pekn̕: Higher Education Press, 2018 -
Materias:
Acceso en línea:Acceso restringido

MARC

LEADER 00000nam a22000007a 4500
005 20191018231329.0
007 cr|||| ||||
008 191018c20189999cn zn|w s|||| 0|||b1eng d
022 |a 1673-3428 
035 |a 23204 
040 |a vLex 
090 |c 9928  |d 9928 
245 0 0 |a Frontier Law in China  |h [Recurso electrn̤ico] / 
256 |a Servicio en ln̕ea 
260 |a Pekn̕:  |b Higher Education Press,  |c 2018 - 
300 |a 1 recurso electrn̤ico 
310 |a Irregular 
506 1 |a Disponible solo en los productos indicados  |d vLex Global  |d vLex Global (Academic Edition, excluding Law Schools)  |d vLex Global (U.S. Academic Edition, Law Schools)  |d vLex Global (U.S. Academic Edition, excluding Law Schools)  |d vLex Global (Academic Edition, Law Schools) 
650 0 4 |a Derecho Pb︢lico y Administrativo  |z China 
740 0 |a vLex Revistas (Servicio en ln̕ea) 
856 4 0 |u http://vlex.com/source/frontier-law-in-china-23204  |z Acceso restringido 
942 |c REV 
999 0 |a Public and Administrative Law